Search the Library Catalogue
| 000 -LEADER | |
|---|---|
| fixed length control field | 00637nam a2200205Ia 4500 |
| 008 - FIXED-LENGTH DATA ELEMENTS--GENERAL INFORMATION | |
| fixed length control field | 191130s2007##################000#0#eng## |
| 020 ## - INTERNATIONAL STANDARD BOOK NUMBER | |
| ISBN | 9788130705552 (set) ; 8130705273 (v.14) |
| 082 ## - DEWEY DECIMAL CLASSIFICATION NUMBER | |
| Classification number | 294.592 BAS.14 |
| 245 ## - TITLE STATEMENT | |
| Title | The sacred books of the Hindus |
| Statement of responsibility, etc | edited by B. D. Basu. ; translated by various Sanskirt Scholars |
| 260 ## - PUBLICATION, DISTRIBUTION, ETC. (IMPRINT) | |
| Place of publication | New Delhi |
| Name of publisher | Cosmo Publications |
| Year of publication | c2007 |
| 300 ## - PHYSICAL DESCRIPTION | |
| Number of Pages | 30 v. ; 23 cm. |
| 500 ## - GENERAL NOTE | |
| General note | Text both in Hindi and English |
| 650 ## - SUBJECT ADDED ENTRY--TOPICAL TERM | |
| Topical Term | Hinduism |
| Topical Term | Religion |
| 700 ## - ADDED ENTRY--PERSONAL NAME | |
| Personal name | Basu, B. D |
| 991 ## - | |
| -- | 251876 |
No items available.